[Event "TCh-TUR Super League 2015"]
[Site "Kocaeli TUR"]
[Date "2015.08.12"]
[Round "10.5"]
[Board "5"]
[White "Asan, Elvan"]
[Black "Altinoz, Fevziye Ece"]
[Result "0-1"]
[WhiteElo "1810"]
[BlackElo "1543"]
[WhiteTeam "Istanbul Technical University Sports Club"]
[BlackTeam "Hatay Buyuksehir Belediyesi Genclik Sports Club"]
[WhiteFideId "6312209"]
[BlackFideId "6358942"]
[EventDate "2015.08.04"]

1. e4 c5 2. Nf3 d6 3. d4 cxd4 4. Qxd4 Nc6 5. Bb5 Bd7 6. Bxc6 Bxc6 7. Nc3 Nf6 8.
Bg5 e6 9. O-O Be7 10. h3 O-O 11. Rad1 Qc7 12. Qd3 Rfd8 13. Be3 h6 14. Nd4 a6 15.
f4 b5 16. a3 Qb7 17. Nxc6 Qxc6 18. Rfe1 Rac8 19. Bd2 d5 20. e5 Nd7 21. f5 Bc5+
22. Kh1 d4 23. Qg3 exf5 24. e6 Bd6 25. Qh4 Nf6 26. Ne2 Bc5 27. Bxh6 Ne4 28.
exf7+ Kxf7 29. Qh5+ Qg6 30. Qxg6+ Kxg6 31. Bf4 Nf2+ 32. Kh2 Nxd1 33. Rxd1 Kf7
34. Bg3 g5 35. Be1 Re8 36. Nc1 Bd6+ 37. Kg1 Rxc2 38. Nd3 Ree2 39. Bf2 Bg3 0-1

[Event "TCh-TUR Super League 2015"]
[Site "Kocaeli TUR"]
[Date "2015.08.12"]
[Round "10.5"]
[Board "6"]
[White "Ali Marandi, Cemil Can"]
[Black "Tarlabasi, Emirhan"]
[Result "1-0"]
[WhiteTitle "IM"]
[WhiteElo "2414"]
[BlackElo "2004"]
[WhiteTeam "Hatay Buyuksehir Belediyesi Genclik Sports Club"]
[BlackTeam "Istanbul Technical University Sports Club"]
[WhiteFideId "6300529"]
[BlackFideId "6350275"]
[EventDate "2015.08.04"]

1. e4 e6 2. d4 d5 3. Nc3 Nf6 4. e5 Nfd7 5. f4 c5 6. Nf3 Nc6 7. Be3 cxd4 8. Nxd4
Bc5 9. Qd2 O-O 10. O-O-O a6 11. h4 Bxd4 12. Bxd4 b5 13. h5 h6 14. Be3 Qa5 15.
Kb1 b4 16. Ne2 Qc7 17. Nd4 Nxd4 18. Bxd4 a5 19. g4 Ba6 20. g5 Bxf1 21. Rdxf1
hxg5 22. Rfg1 Nc5 23. Bxc5 Qxc5 24. Rxg5 Kh8 25. Rhg1 Rg8 26. f5 exf5 27. e6 Qe7
28. exf7 Qxf7 29. Rg6 Kh7 30. Qg5 Rae8 31. Rd6 Re6 32. Qg6+ 1-0

[Event "TCh-TUR Super League 2015"]
[Site "Kocaeli TUR"]
[Date "2015.08.12"]
[Round "10.5"]
[Board "7"]
[White "Aydincelebi, Kagan"]
[Black "Temizkan, Denizcan"]
[Result "1-0"]
[WhiteTitle "FM"]
[BlackTitle "FM"]
[WhiteElo "1977"]
[BlackElo "1906"]
[WhiteTeam "Istanbul Technical University Sports Club"]
[BlackTeam "Hatay Buyuksehir Belediyesi Genclik Sports Club"]
[WhiteFideId "6361102"]
[BlackFideId "6325157"]
[EventDate "2015.08.04"]

1. e4 e5 2. Nf3 Nc6 3. Nc3 Nf6 4. d4 exd4 5. Nxd4 Bb4 6. Nxc6 bxc6 7. Bd3 d5 8.
exd5 cxd5 9. O-O O-O 10. h3 h6 11. Qf3 c6 12. Bf4 Bd6 13. Rfe1 Rb8 14. b3 Rb4
15. Bxd6 Qxd6 16. Qg3 Qxg3 17. fxg3 Re8 18. Rxe8+ Nxe8 19. Re1 Kf8 20. Na4 Nc7
21. c3 Rb8 22. Kf2 Ne6 23. Bf5 g6 24. Bxe6 Bxe6 25. Nc5 Ke7 26. Ke3 Kd6 27. Kd4
h5 28. b4 Re8 29. a4 Bd7 30. Rxe8 Bxe8 31. a5 Bd7 32. Nxd7 Kxd7 33. Kc5 Kc7 34.
b5 cxb5 35. Kxb5 Kd6 36. g4 f5 37. gxf5 gxf5 38. h4 d4 39. cxd4 Kd5 40. Ka6 Kxd4
41. g3 Ke3 42. Kxa7 Kf3 43. Kb6 Kxg3 44. a6 Kxh4 45. a7 Kg3 46. a8=Q f4 47. Qh1
Kf2 48. Kc5 Ke3 49. Qe1+ Kf3 50. Kd4 1-0

[Event "TCh-TUR Super League 2015"]
[Site "Kocaeli TUR"]
[Date "2015.08.12"]
[Round "10.5"]
[Board "8"]
[White "Micoogullari, Lara"]
[Black "Hereklioglu, Sude"]
[Result "0-1"]
[BlackTitle "WCM"]
[WhiteElo "1668"]
[BlackElo "1796"]
[WhiteTeam "Hatay Buyuksehir Belediyesi Genclik Sports Club"]
[BlackTeam "Istanbul Technical University Sports Club"]
[WhiteFideId "6344968"]
[BlackFideId "6359531"]
[EventDate "2015.08.04"]

1. Nf3 e6 2. g3 d5 3. d4 Nf6 4. Bg2 Be7 5. O-O O-O 6. b3 Nbd7 7. Bb2 c5 8. e3 b6
9. c4 Ba6 10. Ne5 Rc8 11. Nd2 dxc4 12. Ndxc4 b5 13. Nxd7 Nxd7 14. Ne5 Nxe5 15.
dxe5 c4 16. bxc4 bxc4 17. Bc3 Qd3 18. Qa4 Qxc3 19. Qxa6 Qa3 20. Qb7 c3 21. Qb3
Rb8 22. Qc2 Rb2 23. Qd3 c2 24. Qc4 Qb4 25. Qc6 Qc5 26. Qe4 Rb4 27. Qd3 Rd8 28.
Qa3 Rb1 29. Qxc5 Rxf1+ 30. Kxf1 Bxc5 31. Ke2 Ba3 0-1

[Event "TCh-TUR Super League 2015"]
[Site "Kocaeli TUR"]
[Date "2015.08.12"]
[Round "10.6"]
[Board "1"]
[White "Cheparinov, Ivan"]
[Black "Volkov, Sergey"]
[Result "1/2-1/2"]
[WhiteTitle "GM"]
[BlackTitle "GM"]
[WhiteElo "2690"]
[BlackElo "2589"]
[WhiteTeam "Turk Hava Yollari (Thy) Sports Club"]
[BlackTeam "Kocaeli Buyuksehir Belediyesi Kagit Sports Club"]
[WhiteFideId "2905540"]
[BlackFideId "4122763"]
[EventDate "2015.08.04"]

1. d4 d5 2. c4 c6 3. Nf3 Nf6 4. Nc3 a6 5. c5 Nbd7 6. Bf4 Nh5 7. Bd2 Nhf6 8. Qc2
g6 9. g3 e5 10. dxe5 Ng4 11. e6 Nxc5 12. exf7+ Kxf7 13. Bg2 Bf5 14. Qc1 Bd6 15.
O-O Re8 16. Ng5+ Kg7 17. b4 Nd7 18. e4 dxe4 19. Ncxe4 Be5 20. Qc4 Re7 21. Rae1
Qg8 22. Qc1 Qxa2 23. h3 Bxe4 24. Nxe4 Ngf6 25. Nc5 Nxc5 26. Qxc5 Rae8 27. Bc3 b6
28. Qxc6 Bxc3 29. Rxe7+ Rxe7 30. Qxc3 a5 31. Ra1 Qe2 32. bxa5 bxa5 33. Qxa5 Qb2
34. Rd1 Qe5 35. Qb4 Rc7 36. Re1 Qc3 37. Qb1 Ra7 38. Kh2 Qd2 39. Kg1 Qc3 40. Bf1
Nd5 41. Rd1 Ne7 42. Qe4 Nf5 43. Rd8 Re7 44. Qa8 Rf7 45. Rg8+ Kh6 46. Qd5 Qf6 47.
Qd2+ Qg5 48. Qxg5+ Kxg5 49. h4+ Kf6 50. Kg2 Rc7 51. Ra8 h5 52. Bd3 Rc6 53. Ra7
Ne7 54. Be4 Re6 55. Bd3 Rc6 56. Kf3 Rb6 57. Be4 Rd6 58. Rc7 Ra6 59. Rc5 Rb6 60.
Kf4 Ra6 61. f3 Rb6 62. g4 hxg4 63. fxg4 Ra6 64. Bd3 Ra4+ 65. Bc4 Nd5+ 66. Kf3
Ra3+ 67. Ke4 Ne3 68. Rc6+ Ke7 69. Be6 Ng2 70. Bd5 Nxh4 71. g5 Rg3 72. Kf4 Rg1
73. Be4 Kd7 74. Ra6 Ke7 75. Rb6 Kd7 76. Bxg6 Nxg6+ 77. Rxg6 Ke7 78. Ke4 1/2-1/2

[Event "TCh-TUR Super League 2015"]
[Site "Kocaeli TUR"]
[Date "2015.08.12"]
[Round "10.6"]
[Board "2"]
[White "Ersahin, Bulent"]
[Black "Dastan, Muhammed Batuhan"]
[Result "0-1"]
[BlackTitle "IM"]
[WhiteElo "2171"]
[BlackElo "2448"]
[WhiteTeam "Kocaeli Buyuksehir Belediyesi Kagit Sports Club"]
[BlackTeam "Turk Hava Yollari (Thy) Sports Club"]
[WhiteFideId "6302670"]
[BlackFideId "6300014"]
[EventDate "2015.08.04"]

1. Nf3 d5 2. g3 Nf6 3. Bg2 e6 4. O-O Be7 5. d3 O-O 6. Nbd2 b5 7. e4 c5 8. Qe2
Bb7 9. e5 Ne8 10. Re1 Nc6 11. h4 Nc7 12. Nf1 Kh8 13. N1h2 f5 14. exf6 gxf6 15.
Ng4 e5 16. Nh6 Bc8 17. c4 Be6 18. b3 Qd7 19. Bb2 Rae8 20. Rad1 Bd6 21. Kh2 Qg7
22. Bc1 Qg6 23. Rg1 f5 24. Bg5 bxc4 25. bxc4 d4 26. Nd2 Bd7 27. Rb1 Ne6 28. Rb7
Nb8 29. Bd5 Bc6 30. Rxb8 Rxb8 31. Bxc6 Nxg5 32. hxg5 Qxg5 33. Nxf5 Rb2 34. Be4
Rxd2 35. Qf3 Qe3 36. Nxe3 Rxf3 37. Nf5 Rxf5 38. Bxf5 Rxf2+ 0-1

[Event "TCh-TUR Super League 2015"]
[Site "Kocaeli TUR"]
[Date "2015.08.12"]
[Round "10.6"]
[Board "3"]
[White "Kerigan, Demre"]
[Black "Gundogan, Cem"]
[Result "1-0"]
[WhiteTitle "IM"]
[WhiteElo "2406"]
[BlackElo "2060"]
[WhiteTeam "Turk Hava Yollari (Thy) Sports Club"]
[BlackTeam "Kocaeli Buyuksehir Belediyesi Kagit Sports Club"]
[WhiteFideId "6307841"]
[BlackFideId "6311032"]
[EventDate "2015.08.04"]

1. e4 c5 2. Nf3 a6 3. c4 Nc6 4. d4 cxd4 5. Nxd4 Nf6 6. Nc3 d6 7. Be2 e6 8. Be3
Be7 9. O-O O-O 10. Qd2 Qc7 11. Rac1 Bd7 12. f3 Nxd4 13. Bxd4 Rac8 14. Rfd1 Qb8
15. a4 b6 16. b4 Bc6 17. Rb1 Nd7 18. Bf1 Rfd8 19. Qf2 Bf6 20. Bxf6 Nxf6 21. c5
Bb7 22. Qe3 Qc7 23. c6 Qxc6 24. Rbc1 d5 25. e5 d4 26. Rxd4 Nd5 27. Nxd5 Qxc1 28.
Nf6+ gxf6 29. Rxd8+ Kg7 30. exf6+ Kxf6 31. Qd4+ Ke7 32. Qh4+ f6 33. Rxc8 Bxc8
34. Qxh7+ Kd6 35. Qd3+ Ke7 36. Qd4 Qc6 37. a5 b5 38. h4 e5 39. Qa7+ Bd7 40. Qe3
Qd6 41. Qc3 f5 42. h5 Kf6 43. f4 Qd4+ 44. Qxd4 exd4 45. Be2 Bc6 46. Kf2 Kg7 47.
Bf3 Be4 48. g4 Bxf3 49. Kxf3 fxg4+ 50. Kxg4 Kh6 51. Kf3 Kxh5 52. Ke4 Kg4 53.
Kxd4 Kxf4 54. Kc5 Ke5 55. Kb6 Kd5 56. Kxa6 Kc6 57. Ka7 Kc7 58. a6 1-0

[Event "TCh-TUR Super League 2015"]
[Site "Kocaeli TUR"]
[Date "2015.08.12"]
[Round "10.6"]
[Board "5"]
[White "Melia, Salome"]
[Black "Nikolova, Adriana"]
[Result "1/2-1/2"]
[WhiteTitle "IM"]
[BlackTitle "WGM"]
[WhiteElo "2456"]
[BlackElo "2304"]
[WhiteTeam "Turk Hava Yollari (Thy) Sports Club"]
[BlackTeam "Kocaeli Buyuksehir Belediyesi Kagit Sports Club"]
[WhiteFideId "13602446"]
[BlackFideId "2908689"]
[EventDate "2015.08.04"]

1. e4 d5 2. exd5 Qxd5 3. Nc3 Qd8 4. d4 Nf6 5. Bc4 a6 6. Nf3 b5 7. Bb3 c5 8. dxc5
Qxd1+ 9. Nxd1 e6 10. Be3 Bb7 11. c4 Nbd7 12. cxb5 axb5 13. Nc3 Ra5 14. O-O Bxc5
15. Nd4 b4 16. Na4 Bd6 17. Rac1 Ng4 18. h3 Nxe3 19. fxe3 Nc5 20. Nxc5 Bxc5 21.
Rf2 1/2-1/2

[Event "TCh-TUR Super League 2015"]
[Site "Kocaeli TUR"]
[Date "2015.08.12"]
[Round "10.6"]
[Board "6"]
[White "Baylav, Bartu"]
[Black "Baglan, Esat"]
[Result "0-1"]
[BlackTitle "FM"]
[WhiteElo "1671"]
[BlackElo "2280"]
[WhiteTeam "Kocaeli Buyuksehir Belediyesi Kagit Sports Club"]
[BlackTeam "Turk Hava Yollari (Thy) Sports Club"]
[WhiteFideId "6312608"]
[BlackFideId "6309216"]
[EventDate "2015.08.04"]

1. d4 Nf6 2. c4 g6 3. Nc3 Bg7 4. e4 d6 5. f3 O-O 6. Be3 c5 7. dxc5 dxc5 8. Qxd8
Rxd8 9. Bxc5 Nc6 10. Nd5 Nd7 11. Ba3 b6 12. O-O-O e6 13. Ne7+ Nxe7 14. Bxe7 Re8
15. Ba3 Nc5 16. Be2 f5 17. Nh3 fxe4 18. Bxc5 bxc5 19. fxe4 Rb8 20. b3 Bb7 21.
Bf3 Bd4 22. Kc2 a5 23. a4 Bc6 24. Rb1 Rf8 25. Ng5 Rbe8 26. Kd3 Bf6 27. Nh3 g5
28. Nf2 Bd4 29. Nh3 h6 30. Rhf1 Kg7 31. Bh5 Rd8 32. Rxf8 Rxf8 33. Re1 Rd8 34.
Kc2 Kf6 35. Bf3 Ke5 36. Ng1 h5 37. h3 Bf2 38. Rf1 Be3 39. Re1 Rd2+ 40. Kb1 Bxg1
41. Rxg1 Bxe4+ 42. Bxe4 Kxe4 43. Re1+ Kf5 44. g4+ hxg4 45. hxg4+ Kf6 46. Re4 e5
47. Kc1 Rg2 48. Kd1 Ke6 49. Kc1 Rf2 50. Kd1 Rf4 51. Re3 Rxg4 52. Ke2 Kf5 53. Rh3
Rh4 54. Rf3+ Rf4 55. Rh3 g4 56. Rh5+ Ke4 57. Rg5 Kd4 58. Rg8 Kc3 59. Rc8 g3 60.
Rg8 Kxb3 61. Rxg3+ Kxc4 62. Rg5 Kd5 63. Kd3 Rxa4 64. Rg8 Ra3+ 65. Kd2 e4 66.
Rd8+ Ke5 0-1

[Event "TCh-TUR Super League 2015"]
[Site "Kocaeli TUR"]
[Date "2015.08.12"]
[Round "10.6"]
[Board "7"]
[White "Akdogan, Alperen"]
[Black "Kilic, Efe Mert"]
[Result "1/2-1/2"]
[WhiteElo "1820"]
[BlackElo "1816"]
[WhiteTeam "Turk Hava Yollari (Thy) Sports Club"]
[BlackTeam "Kocaeli Buyuksehir Belediyesi Kagit Sports Club"]
[WhiteFideId "6347363"]
[BlackFideId "6354327"]
[EventDate "2015.08.04"]

1. d4 Nf6 2. Nf3 b5 3. e3 a6 4. Bd3 Bb7 5. Nbd2 d6 6. c3 Nbd7 7. a4 c6 8. O-O e5
9. e4 Be7 10. Re1 O-O 11. Nf1 Re8 12. Ng3 g6 13. Bg5 Qb6 14. Bc2 Rad8 15. Qe2 c5
16. d5 Ra8 17. c4 bxc4 18. a5 Qc7 19. Qxc4 Reb8 20. Ba4 Bc8 21. Qc2 Nf8 22. Bc6
Bb7 23. Ba4 Qxa5 24. Bd2 Qd8 25. Bc3 N8d7 26. Nd2 Qf8 27. Nc4 Bd8 28. Na5 Ra7
29. Rf1 Qh6 30. Bd2 Qh4 31. Qc1 Nxe4 32. Bxd7 Bxd5 33. Nc6 Bxc6 34. Bxc6 Nxd2
35. Qxd2 Qd4 36. Qxd4 cxd4 37. Rab1 Rc7 38. Be4 Bg5 39. f3 Be3+ 40. Kh1 Rc5 41.
Bd3 Rc6 42. Be4 Rcb6 43. Ra1 Rxb2 44. Rxa6 Rd2 45. Ra8 Rxa8 46. Bxa8 f5 47. Rb1
Rc2 48. Bd5+ Kg7 49. Bb3 Rc1+ 50. Rxc1 Bxc1 51. Kg1 Kf6 52. Kf2 Bf4 53. Bd5 h6
54. Nf1 Bc1 55. Ke2 h5 56. Nd2 Ba3 57. Kd3 Bb4 58. Nc4 g5 59. h3 Bc5 60. Nb2 g4
61. hxg4 hxg4 62. fxg4 e4+ 63. Bxe4 fxe4+ 64. Kxe4 1/2-1/2

[Event "TCh-TUR Super League 2015"]
[Site "Kocaeli TUR"]
[Date "2015.08.12"]
[Round "10.6"]
[Board "8"]
[White "Gundogan, Sinem Cagla"]
[Black "Dogan, Sevval"]
[Result "1-0"]
[WhiteElo "1913"]
[BlackElo "1737"]
[WhiteTeam "Kocaeli Buyuksehir Belediyesi Kagit Sports Club"]
[BlackTeam "Turk Hava Yollari (Thy) Sports Club"]
[WhiteFideId "6325378"]
[BlackFideId "6322565"]
[EventDate "2015.08.04"]

1. e4 c5 2. Nc3 a6 3. g3 b5 4. Bg2 Bb7 5. f4 e6 6. d3 d5 7. e5 Ne7 8. Nf3 h5 9.
Nh4 g6 10. Ne2 Nbc6 11. b3 Bg7 12. d4 cxd4 13. Nxd4 Nxd4 14. Qxd4 Rc8 15. c3 Nc6
16. Qd3 b4 17. Nxg6 Rg8 18. Nh4 bxc3 19. O-O Qb6+ 20. Kh1 Rh8 21. Ba3 Qd4 22.
Qe2 Qb6 23. f5 Qb5 24. Qe1 Nb4 25. fxe6 fxe6 26. Ng6 Rg8 27. Qf2 Rc7 28. Qf3 d4
29. Qxh5 Bxg2+ 30. Kxg2 Kd8 31. Qh4+ Ke8 32. Bxb4 Qxb4 33. Qh7 Qb7+ 34. Kg1 1-0

[Event "TCh-TUR Super League 2015"]
[Site "Kocaeli TUR"]
[Date "2015.08.12"]
[Round "10.7"]
[Board "2"]
[White "Haznedaroglu, Kivanc"]
[Black "Benidze, Davit"]
[Result "1/2-1/2"]
[WhiteTitle "GM"]
[BlackTitle "GM"]
[WhiteElo "2451"]
[BlackElo "2469"]
[WhiteTeam "T.S Alyans Satranc Sports Club"]
[BlackTeam "Kahramanmaras Buyuksehir Belediye Sports Club"]
[WhiteFideId "6300634"]
[BlackFideId "13603086"]
[EventDate "2015.08.04"]

1. d4 Nf6 2. c4 e6 3. Nf3 Be7 4. Nc3 d5 5. Bf4 c6 6. e3 Nbd7 7. Bd3 O-O 8. O-O
Nh5 9. Be5 f6 10. Bg3 Nxg3 11. hxg3 f5 12. a3 Bd6 13. b4 Nf6 14. Qb3 Bd7 15. b5
Qe7 16. Rfc1 Ng4 17. a4 a5 18. Rab1 Rab8 19. Qd1 Qf6 20. bxc6 bxc6 21. Rxb8 Rxb8
22. Rb1 Qd8 23. Rb3 Rb4 24. c5 Rxb3 25. Qxb3 Bc7 26. Qb7 Qb8 27. Qxb8+ Bxb8 28.
Nd2 Kf7 29. Nb3 Bc7 30. Kf1 Ke7 31. Ne2 Bc8 32. Ng1 g5 33. Nf3 1/2-1/2

[Event "TCh-TUR Super League 2015"]
[Site "Kocaeli TUR"]
[Date "2015.08.12"]
[Round "10.7"]
[Board "3"]
[White "Soysal, Serkan"]
[Black "Arduman, Can"]
[Result "1/2-1/2"]
[WhiteTitle "FM"]
[BlackTitle "IM"]
[WhiteElo "2293"]
[BlackElo "2328"]
[WhiteTeam "Kahramanmaras Buyuksehir Belediye Sports Club"]
[BlackTeam "T.S Alyans Satranc Sports Club"]
[WhiteFideId "6349250"]
[BlackFideId "6300022"]
[EventDate "2015.08.04"]

1. d4 Nf6 2. c4 g6 3. Nc3 Bg7 4. e4 d6 5. Nf3 O-O 6. h3 e5 7. d5 Nh5 8. Nh2 Nf4
9. g3 Nh5 10. Be2 Na6 11. Ng4 Nf6 12. Nh6+ Kh8 13. h4 Nc5 14. Bf3 Ng8 15. Nxg8
Kxg8 16. b4 Nd7 17. a3 Qe7 18. g4 Nb6 19. Be2 Bd7 20. Be3 a5 21. Kd2 axb4 22.
axb4 Rxa1 23. Qxa1 Ra8 24. Qb1 Na4 25. Nxa4 Rxa4 26. Qb2 Qd8 27. Ra1 Qa8 28.
Rxa4 Qxa4 1/2-1/2

[Event "TCh-TUR Super League 2015"]
[Site "Kocaeli TUR"]
[Date "2015.08.12"]
[Round "10.7"]
[Board "4"]
[White "Sirin, Atakan"]
[Black "Isik, Engin Yasar"]
[Result "1/2-1/2"]
[WhiteElo "2243"]
[BlackElo "2188"]
[WhiteTeam "T.S Alyans Satranc Sports Club"]
[BlackTeam "Kahramanmaras Buyuksehir Belediye Sports Club"]
[WhiteFideId "6303307"]
[BlackFideId "6301886"]
[EventDate "2015.08.04"]

1. d4 d5 2. c4 c6 3. Nc3 Nf6 4. e3 g6 5. Nf3 Bg7 6. h3 O-O 7. Bd3 c5 8. O-O cxd4
9. exd4 dxc4 10. Bxc4 b6 11. Ne5 Bb7 12. Qb3 e6 13. Bg5 h6 14. Be3 Nd5 15. Nxd5
exd5 16. Bb5 a6 17. Bd3 Nc6 18. Nxc6 Bxc6 19. Rac1 Bb7 20. Rc2 Qd6 21. Rfc1 Rac8
22. Rxc8 Rxc8 23. Rxc8+ Bxc8 24. Qa4 b5 25. Qa5 Kh7 26. h4 h5 27. a4 bxa4 28.
Qxa4 Qe6 29. Qd1 Kg8 30. g3 Qc6 31. Qb3 Bb7 32. Be2 Bf6 33. Bf3 1/2-1/2

[Event "TCh-TUR Super League 2015"]
[Site "Kocaeli TUR"]
[Date "2015.08.12"]
[Round "10.7"]
[Board "5"]
[White "Isgandarova, Khayala"]
[Black "Ushenina, Anna"]
[Result "1/2-1/2"]
[WhiteTitle "WIM"]
[BlackTitle "GM"]
[WhiteElo "2245"]
[BlackElo "2435"]
[WhiteTeam "Kahramanmaras Buyuksehir Belediye Sports Club"]
[BlackTeam "T.S Alyans Satranc Sports Club"]
[WhiteFideId "13401823"]
[BlackFideId "14110911"]
[EventDate "2015.08.04"]

1. e4 c5 2. Nc3 Nc6 3. g3 g6 4. Bg2 Bg7 5. d3 d6 6. f4 e6 7. Nf3 Nge7 8. O-O O-O
9. Be3 Nd4 10. e5 Nef5 11. Bf2 Nxf3+ 12. Qxf3 Nd4 13. Qd1 dxe5 14. fxe5 Bxe5 15.
Ne4 f5 16. Nxc5 Qd6 17. b4 Nc6 18. Rb1 Bd4 19. Qd2 a5 20. a3 axb4 21. axb4 Ra2
22. Bxc6 Bxf2+ 23. Qxf2 Qxc6 1/2-1/2

[Event "TCh-TUR Super League 2015"]
[Site "Kocaeli TUR"]
[Date "2015.08.12"]
[Round "10.7"]
[Board "6"]
[White "Koksal, Ege"]
[Black "Yaran, Siar"]
[Result "1/2-1/2"]
[WhiteTitle "FM"]
[BlackTitle "CM"]
[WhiteElo "2347"]
[BlackElo "2179"]
[WhiteTeam "T.S Alyans Satranc Sports Club"]
[BlackTeam "Kahramanmaras Buyuksehir Belediye Sports Club"]
[WhiteFideId "6317626"]
[BlackFideId "6323006"]
[EventDate "2015.08.04"]

1. d4 d5 2. c4 c6 3. Nc3 Nf6 4. Nf3 e6 5. Bg5 Be7 6. e3 O-O 7. Bd3 Nbd7 8. O-O
dxc4 9. Bxc4 Nd5 10. Bxe7 Qxe7 11. Qc2 Nxc3 12. Qxc3 b6 13. Rfd1 Bb7 14. Be2
Rfd8 15. Rac1 Rac8 16. h3 h6 17. b4 Nf6 18. Qb2 c5 19. bxc5 Bxf3 20. Bxf3 bxc5
21. Qa3 Rc7 22. Rxc5 Rxc5 23. Qxc5 Qxc5 24. dxc5 Rxd1+ 25. Bxd1 Kf8 26. f4 Ke7
27. Bf3 Nd7 28. c6 Nc5 29. Kf1 Kd6 30. Ke2 Na6 31. a3 Nb8 32. Kd3 Nxc6 33. Kc4
Ne7 34. g4 g5 35. Be4 Nd5 36. Bxd5 exd5+ 37. Kd4 f6 38. Kd3 Kc5 39. Kc3 Kc6 40.
Kd4 Kd6 1/2-1/2

[Event "TCh-TUR Super League 2015"]
[Site "Kocaeli TUR"]
[Date "2015.08.12"]
[Round "10.7"]
[Board "7"]
[White "Karaoglan, Kivanc"]
[Black "Cilek, Bora"]
[Result "1-0"]
[WhiteElo "1981"]
[BlackElo "1807"]
[WhiteTeam "Kahramanmaras Buyuksehir Belediye Sports Club"]
[BlackTeam "T.S Alyans Satranc Sports Club"]
[WhiteFideId "6329152"]
[BlackFideId "34502165"]
[EventDate "2015.08.04"]

1. e4 g6 2. d4 Bg7 3. Nf3 d6 4. c3 Nf6 5. Bd3 c6 6. O-O O-O 7. a4 Nbd7 8. h3 e5
9. Be3 Re8 10. Nbd2 Qc7 11. Qc2 Nf8 12. dxe5 dxe5 13. Nc4 N6d7 14. Rfd1 Ne6 15.
Bf1 b6 16. Rd2 Rd8 17. b4 Bb7 18. Rad1 c5 19. b5 Nf6 20. Nd6 Bf8 21. Nxb7 Qxb7
22. Rxd8 Rxd8 23. Rxd8 Nxd8 24. Bg5 Qe7 25. Bc4 Bg7 26. Qd3 h6 27. Bh4 Nb7 28.
Bxf6 Bxf6 29. Qd5 Nd6 30. Bb3 Kg7 31. g3 Kg8 32. Kg2 Kg7 33. h4 h5 34. Nd2 Kg8
35. Nf1 Kg7 36. Ne3 Ne8 37. Qc6 Nc7 38. Nd5 Nxd5 39. exd5 Qf8 40. d6 Bd8 41. Qd7
Bf6 42. Bd5 e4 43. Qc6 Bxc3 44. Bxe4 Bf6 45. Bd5 Be5 46. d7 Bf6 47. Qc7 Kh6 48.
Qxa7 Qd6 49. Qb7 g5 50. hxg5+ Bxg5 51. Bxf7 Bd8 52. Qe4 Qf6 53. Bg8 Kg7 54. Qh7+
Kf8 55. Bd5 Qg7 56. Qf5+ Qf6 57. Qxh5 Ke7 58. Bc6 Kd6 59. Qd5+ Kc7 60. a5 Kb8
61. a6 1-0

[Event "TCh-TUR Super League 2015"]
[Site "Kocaeli TUR"]
[Date "2015.08.12"]
[Round "10.7"]
[Board "8"]
[White "Ozbay, Ece"]
[Black "Ayan, Bengu Sena"]
[Result "0-1"]
[WhiteTitle "WCM"]
[WhiteElo "1804"]
[BlackElo "1693"]
[WhiteTeam "T.S Alyans Satranc Sports Club"]
[BlackTeam "Kahramanmaras Buyuksehir Belediye Sports Club"]
[WhiteFideId "6351743"]
[BlackFideId "6346120"]
[EventDate "2015.08.04"]

1. e4 e6 2. d4 d5 3. Nd2 Nf6 4. e5 Nfd7 5. Bd3 c5 6. c3 Nc6 7. Ne2 cxd4 8. cxd4
f6 9. Nf4 Qe7 10. Nf3 Nb6 11. O-O Bd7 12. Re1 f5 13. Bd2 g6 14. a3 Rg8 15. b4
Rc8 16. b5 Nd8 17. Bb4 Qf7 18. Nd2 Bh6 19. g3 Nc4 20. Bxc4 dxc4 21. a4 c3 22.
Nb3 Bxf4 23. gxf4 g5 24. fxg5 Rxg5+ 25. Kh1 a6 26. Qd3 c2 27. Rg1 Qg6 28. Rxg5
Qxg5 29. Bd2 Qh5 30. Rg1 Kf7 31. Nc5 Rc7 32. Qg3 Qg4 33. Qxg4 fxg4 34. Nxd7 Rxd7
35. Rxg4 axb5 36. axb5 Rc7 37. Rg1 b6 38. Rc1 Kg6 39. Kg2 Nf7 40. Kf3 h5 41. Ke2
Kf5 42. Kd3 Rd7 43. f4 Rd5 44. Kc4 Ke4 45. Re1+ Kf5 46. Bc1 Nd8 47. Re2 Nb7 48.
Rg2 Ke4 49. Re2+ Kf5 50. Rxc2 Na5+ 51. Kd3 Rxb5 52. Rc8 Rb3+ 53. Kc2 Rh3 54.
Rf8+ Ke4 55. f5 Rxh2+ 56. Kc3 Rh3+ 57. Kc2 Nc6 58. Bb2 Rf3 59. f6 Nxd4+ 60. Bxd4
Kxd4 61. Rh8 Kxe5 62. Rxh5+ Kxf6 63. Rb5 Rf5 64. Rxb6 Rd5 65. Rb3 Ke5 66. Re3+
Kf5 67. Rf3+ Ke4 68. Rf8 Ke3 69. Re8 e5 70. Re7 e4 71. Rh7 Kf2 72. Rh2+ Kg3 73.
Rh8 e3 74. Rg8+ Kf2 75. Rf8+ Ke1 76. Re8 e2 77. Kc3 Kd1 78. Re7 e1=Q+ 79. Rxe1+
Kxe1 80. Kc4 Rd8 81. Kc5 Ke2 82. Kc4 Ke3 83. Kc5 Ke4 84. Kc4 Rc8+ 85. Kb4 Kd4
86. Kb3 Rc7 87. Kb2 Kd3 88. Kb1 Kd2 89. Kb2 Rb7+ 90. Ka3 Kc3 91. Ka4 Rb1 92. Ka5
Kc4 93. Ka6 Kc5 94. Ka7 Kc6 95. Ka8 Kc7 96. Ka7 Ra1# 0-1

[Event "TCh-TUR Super League 2015"]
[Site "Kocaeli TUR"]
[Date "2015.08.13"]
[Round "11.1"]
[Board "2"]
[White "Fedorchuk, Sergey A."]
[Black "Haznedaroglu, Kivanc"]
[Result "0-1"]
[WhiteTitle "GM"]
[BlackTitle "GM"]
[WhiteElo "2653"]
[BlackElo "2451"]
[WhiteTeam "Kayseri Seker Sports Club"]
[BlackTeam "T.S Alyans Satranc Sports Club"]
[WhiteFideId "14102536"]
[BlackFideId "6300634"]
[EventDate "2015.08.04"]

1. e4 e5 2. Nf3 Nc6 3. Bb5 a6 4. Ba4 Nf6 5. O-O Be7 6. Re1 b5 7. Bb3 d6 8. c3
O-O 9. h3 Na5 10. Bc2 c5 11. d4 Nd7 12. d5 Nb6 13. Nbd2 f5 14. exf5 Bxf5 15.
Bxf5 Rxf5 16. Ne4 Qd7 17. b3 Raf8 18. Nfg5 Bxg5 19. Bxg5 Nb7 20. Qd2 Qf7 21.
Red1 Qg6 22. Be3 h6 23. Qe2 R5f7 24. Ng3 Nd7 25. a4 c4 26. b4 Nf6 27. axb5 axb5
28. Ra6 h5 29. Rb6 h4 30. Nh1 Ne4 31. Rc1 Nd8 32. Rxb5 Rf3 33. Kh2 Ng5 34. Rb8
Rxh3+ 35. gxh3 Nf3+ 36. Qxf3 Rxf3 37. Rxd8+ Kh7 38. Rg1 Rxh3+ 39. Kxh3 Qxg1 40.
Kxh4 Qxh1+ 41. Kg3 Qxd5 42. b5 Qxb5 43. Rxd6 Qa5 44. Kg4 Qc7 45. Re6 g6 46. Kg3
Qa5 47. Kg4 Kg7 48. f4 Qxc3 49. Rxe5 Qd3 50. Kf3 c3 51. Rc5 c2 52. Rc7+ Kf6 53.
Rc6+ Kf5 54. Rc5+ Ke6 55. Rc6+ Kd5 56. Rc5+ Kd6 57. Rc8 Qf1+ 58. Ke4 Qg2+ 59.
Kd3 Qd5+ 60. Ke2 Qh5+ 61. Kf2 Qh4+ 0-1